000
00214 a2200097 4500
001
22048
100
_a
Amos, S W
245
_a
Principles of Transistor Circuits
260
_a
_b
Iliffe
_c
1965
090
_c
15172
_d
15172
942
_a
NUST-CAE
_c
M
_c
5750
999
_c
257121
_d
257121